000 00449nam a2200205Ia 4500
001 110261
003 YMCAF
005 20230512162415.0
008 100717s2002 ||||||||||||||||| ||und|d
024 _a110261
035 _aWB1248
040 _aYMCAF
_beng
_cIN-KoLT
041 _aeng
082 _a005.276
_bMOS
100 _aMoss, Karl
245 0 _aJava servlets developers guide
260 _bTMH
_c2002
300 _a600
942 _2ddc
_cBK
999 _c11804
_d11804